[Event "TCh-CHN 2018"]
[Site "China CHN"]
[Date "2018.04.11"]
[Round "1.1"]
[Board "1"]
[White "Zou, Chen"]
[Black "Liang, Jinrong"]
[Result "1/2-1/2"]
[WhiteTitle "FM"]
[BlackTitle "GM"]
[WhiteElo "2384"]
[BlackElo "2452"]
[WhiteTeam "Hangzhou Turbine Team"]
[BlackTeam "Guangdong Ding Xin High Tech Team"]
[WhiteFideId "8610959"]
[BlackFideId "8600066"]
[EventDate "2018.04.11"]

1. e4 c5 2. Nf3 Nc6 3. d4 cxd4 4. Nxd4 e6 5. Nc3 a6 6. Nxc6 bxc6 7. Bd3 d5 8.
O-O Nf6 9. Re1 Be7 10. e5 Nd7 11. Qg4 g6 12. Bh6 Rb8 13. Nd1 Rb4 14. c4 Nc5 15.
Bf1 a5 16. Rc1 Ba6 17. a3 Rxc4 18. Bxc4 Bxc4 19. Rxc4 dxc4 20. Qxc4 Qd3 21. Ne3
g5 22. b4 Qxc4 23. Nxc4 axb4 24. axb4 Nb7 25. Bg7 Rg8 26. Bf6 Bxf6 27. exf6 Rg6
28. Ne5 Rxf6 29. Nxc6 Rf4 30. Rc1 Nd6 1/2-1/2

[Event "TCh-CHN 2018"]
[Site "China CHN"]
[Date "2018.04.11"]
[Round "1.1"]
[Board "2"]
[White "Xiang, Zeyu"]
[Black "Xu, Yinglun"]
[Result "1/2-1/2"]
[BlackTitle "GM"]
[WhiteElo "2435"]
[BlackElo "2531"]
[WhiteTeam "Hangzhou Turbine Team"]
[BlackTeam "Guangdong Ding Xin High Tech Team"]
[WhiteFideId "8608547"]
[BlackFideId "8604940"]
[EventDate "2018.04.11"]

1. d4 Nf6 2. c4 e6 3. Nf3 d5 4. Nc3 c5 5. cxd5 Nxd5 6. g3 Nxc3 7. bxc3 cxd4 8.
cxd4 Bb4+ 9. Bd2 Bxd2+ 10. Qxd2 b6 11. Bg2 Bb7 12. O-O O-O 13. Rfc1 Nd7 14. Qc3
Rc8 15. Qa3 Rxc1+ 16. Rxc1 Qa8 17. Ne1 Bxg2 18. Nxg2 Nf6 19. Ne3 Qb7 20. Nc4 Rc8
21. Nd6 Rxc1+ 22. Qxc1 Qd7 23. Qc8+ Qxc8 24. Nxc8 Nd5 25. Nxa7 Nc3 26. Kf1 Nxa2
27. Ke1 Nc3 28. Kd2 Ne4+ 29. Ke3 Nf6 30. f3 Kf8 31. Kd3 Ke8 32. Nc6 Nd5 33. e4
Ne7 1/2-1/2

[Event "TCh-CHN 2018"]
[Site "China CHN"]
[Date "2018.04.11"]
[Round "1.1"]
[Board "3"]
[White "Lin, Yi"]
[Black "Zhao, Chenxi"]
[Result "0-1"]
[WhiteElo "2359"]
[BlackElo "2328"]
[WhiteTeam "Hangzhou Turbine Team"]
[BlackTeam "Guangdong Ding Xin High Tech Team"]
[WhiteFideId "8609659"]
[BlackFideId "8611513"]
[EventDate "2018.04.11"]

1. d4 Nf6 2. c4 b6 3. Nf3 Bb7 4. Nc3 e6 5. a3 d5 6. cxd5 Nxd5 7. e3 Nxc3 8. bxc3
Nd7 9. Bd3 Bd6 10. e4 e5 11. O-O O-O 12. Bg5 f6 13. Bd2 Kh8 14. Nh4 g6 15. Bh6
Re8 16. Qg4 Nf8 17. Rfe1 Bc8 18. Qf3 Qe7 19. a4 Bd7 20. g3 Ne6 21. Be3 Ng5 22.
Bxg5 fxg5 23. Ng2 Rf8 24. Qe2 Qg7 25. Qb2 c5 26. d5 c4 27. Bxc4 Bc5 28. Ne3 Rf3
29. Be2 Rf6 30. Bb5 Raf8 31. Ra2 Rf3 32. Bf1 a5 33. Bg2 R3f6 34. Qe2 Qh6 35. Rf1
Qg7 36. Kh1 h5 37. f3 h4 38. g4 Bc8 39. Nd1 Qa7 40. h3 Ba6 41. c4 Bd4 42. Rc2
Rc8 43. Nb2 Bxb2 44. Rxb2 Bxc4 45. Rc1 Bxe2 46. Rxc8+ Kg7 47. Rxe2 Qd7 48. Rc4
b5 49. axb5 Qxb5 50. Rec2 a4 51. Rc7+ Rf7 52. d6 Qd3 53. Rxf7+ Kxf7 54. Rc7+ Ke6
55. d7 Ke7 56. Ra7 a3 57. Kh2 Kd8 0-1

[Event "TCh-CHN 2018"]
[Site "China CHN"]
[Date "2018.04.11"]
[Round "1.1"]
[Board "4"]
[White "Xu, Yuze"]
[Black "Zhou, Zirun"]
[Result "1/2-1/2"]
[WhiteElo "2083"]
[BlackElo "2152"]
[WhiteTeam "Guangdong Ding Xin High Tech Team"]
[BlackTeam "Hangzhou Turbine Team"]
[WhiteFideId "8614466"]
[BlackFideId "8610975"]
[EventDate "2018.04.11"]

1. c4 e6 2. Nc3 d5 3. d4 Nf6 4. e3 a6 5. a4 c5 6. Nf3 Nc6 7. Ne5 Bd6 8. f4 O-O
9. Be2 cxd4 10. exd4 dxc4 11. Bxc4 Qc7 12. Nxc6 Qxc6 13. Qe2 b6 14. O-O Bb7 15.
Be3 Ne4 16. Nxe4 Qxe4 17. Bd3 Qd5 18. Bc4 Qe4 19. Bd3 Qd5 20. Bc4 Qe4 1/2-1/2

[Event "TCh-CHN 2018"]
[Site "China CHN"]
[Date "2018.04.11"]
[Round "1.1"]
[Board "5"]
[White "Li, Xueyi"]
[Black "Zhao, Shengxin"]
[Result "1-0"]
[BlackTitle "WFM"]
[WhiteElo "2187"]
[BlackElo "2133"]
[WhiteTeam "Guangdong Ding Xin High Tech Team"]
[BlackTeam "Hangzhou Turbine Team"]
[WhiteFideId "8605912"]
[BlackFideId "8608040"]
[EventDate "2018.04.11"]

1. Nf3 Nf6 2. g3 d5 3. Bg2 Bg4 4. Ne5 Bf5 5. c4 c6 6. cxd5 cxd5 7. Qa4+ Nbd7 8.
Nc3 e6 9. d3 Bd6 10. Nxd7 Nxd7 11. e4 dxe4 12. dxe4 Bg6 13. Be3 Qe7 14. Rd1 Rd8
15. Qxa7 O-O 16. Qxb7 Bh5 17. Rd2 Ne5 18. Qxe7 Bxe7 19. Rxd8 Rxd8 20. O-O Nc4
21. Bc1 Bf6 22. f3 Bxc3 23. bxc3 e5 24. g4 Bg6 25. f4 exf4 26. Bxf4 Rd3 27. Rc1
Na5 28. Bc7 Nc6 29. a4 Rd7 30. Bg3 f6 31. Ra1 Ra7 32. Bf2 Ra6 33. Bf1 Ra8 34.
Bc4+ Kh8 35. Bd5 Be8 36. Bb6 Rb8 37. a5 h6 38. Bd4 Rb5 39. a6 1-0

[Event "TCh-CHN 2018"]
[Site "China CHN"]
[Date "2018.04.11"]
[Round "1.2"]
[Board "1"]
[White "Cheparinov, Ivan"]
[Black "Zeng, Chongsheng"]
[Result "1-0"]
[WhiteTitle "GM"]
[BlackTitle "GM"]
[WhiteElo "2711"]
[BlackElo "2535"]
[WhiteTeam "Shenzhen Longgang Chess association"]
[BlackTeam "Chongqing Team"]
[WhiteFideId "2905540"]
[BlackFideId "8603847"]
[EventDate "2018.04.11"]

1. c4 e6 2. Nf3 d5 3. e3 c6 4. b3 Nd7 5. Bb2 f5 6. Qc2 Ngf6 7. Nc3 a6 8. h3 Bd6
9. g4 O-O 10. gxf5 e5 11. cxd5 cxd5 12. Ng5 Nc5 13. Rg1 Kh8 14. O-O-O Nce4 15.
Ngxe4 Nxe4 16. Nxe4 dxe4 17. d4 Qe7 18. f6 Qxf6 19. Qc3 Qxf2 20. Bc4 Bxh3 21.
dxe5 Be7 22. Qd2 Qxd2+ 23. Rxd2 b5 24. e6 Rg8 25. Rd7 Rae8 26. Bd5 Bf8 27. Rf7
Bxe6 28. Rxf8 Rexf8 29. Bxe6 Rc8+ 30. Bxc8 Rxc8+ 31. Kd2 Rc7 32. Rg5 h6 33. Re5
Kh7 34. Rxe4 h5 35. Re5 Kg6 36. Re6+ Kf5 37. Rxa6 h4 38. Rb6 h3 39. Rxb5+ Kg4
40. Rb4+ Kf3 41. Rf4+ Kg3 42. Rf8 Re7 43. Rh8 h2 44. Ke2 Kg2 45. Rh5 g6 46. Rh8
Rf7 47. Be5 h1=Q 48. Rxh1 Kxh1 49. Kd3 g5 50. a4 g4 51. a5 Rf5 52. Kd4 g3 53.
Bxg3 Rxa5 54. Bd6 Kg2 55. e4 Kf3 56. e5 Kf4 57. b4 Ra1 58. b5 Kf5 59. b6 Rb1 60.
Kc5 Ke6 61. Kc6 Rc1+ 62. Bc5 Rb1 63. Bd4 Rc1+ 64. Bc5 Rb1 65. Bd6 Rc1+ 66. Kb5
Kd7 67. b7 Rb1+ 68. Bb4 Kc7 69. e6 Rb3 70. e7 Re3 71. Ka6 Re2 72. Bd2 Re4 73.
Bf4+ Kc6 74. Bd2 Kc7 75. Bb4 Re2 76. Bd6+ Kc6 77. Ba3 Re4 78. Ka7 Ra4+ 79. Kb8
Kd7 80. Bc5 Ra1 81. e8=Q+ Kxe8 82. Kc7 Rb1 83. Bb6 1-0

[Event "TCh-CHN 2018"]
[Site "China CHN"]
[Date "2018.04.11"]
[Round "1.2"]
[Board "2"]
[White "Zhou, Jianchao"]
[Black "Andreikin, Dmitry"]
[Result "1/2-1/2"]
[WhiteTitle "GM"]
[BlackTitle "GM"]
[WhiteElo "2617"]
[BlackElo "2719"]
[WhiteTeam "Shenzhen Longgang Chess association"]
[BlackTeam "Chongqing Team"]
[WhiteFideId "8603537"]
[BlackFideId "4158814"]
[EventDate "2018.04.11"]

1. d4 Nf6 2. c4 e6 3. Nc3 Bb4 4. Qc2 O-O 5. a3 Bxc3+ 6. Qxc3 d5 7. Bg5 h6 8.
Bxf6 Qxf6 9. e3 c5 10. cxd5 cxd4 11. Qxd4 Qxd4 12. exd4 exd5 13. Bd3 Nc6 14. Ne2
Re8 15. Kd2 Na5 16. Rab1 Bd7 17. b3 Rac8 18. Rhc1 Rxc1 19. Nxc1 Kf8 20. Ne2 Ke7
21. Nc3 Nc6 22. Re1+ Kd8 23. Rxe8+ Bxe8 24. Nxd5 Nxd4 25. Kc3 Ne6 26. Bf5 Nc7
27. Nxc7 Kxc7 28. Kd4 Kd6 29. Be4 b6 30. g3 f6 31. b4 1/2-1/2

[Event "TCh-CHN 2018"]
[Site "China CHN"]
[Date "2018.04.11"]
[Round "1.2"]
[Board "4"]
[White "Lei, Tingjie"]
[Black "Vo, Thi Kim Phung"]
[Result "1-0"]
[WhiteTitle "GM"]
[BlackTitle "WGM"]
[WhiteElo "2457"]
[BlackElo "2354"]
[WhiteTeam "Chongqing Team"]
[BlackTeam "Shenzhen Longgang Chess association"]
[WhiteFideId "8605114"]
[BlackFideId "12401838"]
[EventDate "2018.04.11"]

1. e4 e6 2. d4 d5 3. Nd2 Nf6 4. e5 Nfd7 5. Bd3 c5 6. c3 Nc6 7. Ne2 Qb6 8. Nf3
cxd4 9. cxd4 f6 10. exf6 Nxf6 11. O-O Bd6 12. Bf4 Bxf4 13. Nxf4 O-O 14. Re1 Qxb2
15. g3 Qa3 16. Re3 Qd6 17. Rb1 Nb4 18. Bf1 Ne4 19. a3 Nc6 20. Bd3 Nf6 21. h4 b6
22. Rc1 Bd7 23. Ne5 Nd8 24. Bb1 Be8 25. Qd3 a6 26. Ng4 Ra7 27. Nxf6+ gxf6 28.
Rce1 Bb5 29. Qd1 Rg7 30. Nxe6 Nxe6 31. Rxe6 Qf4 32. Kg2 Qxh4 33. Rh1 Qg4 34.
Bxh7+ Kf7 35. Qxg4 Rxg4 36. Bf5 Rg7 37. Rxb6 Re8 38. Rh6 Kg8 39. Be6+ Rxe6 40.
Rxe6 f5 41. Rhg6 Rxg6 42. Rxg6+ Kf7 43. Rb6 Be2 44. a4 Ke7 45. a5 Kf7 46. Kh3 1-0

[Event "TCh-CHN 2018"]
[Site "China CHN"]
[Date "2018.04.11"]
[Round "1.2"]
[Board "5"]
[White "Tan, Zhongyi"]
[Black "Zhang, Xiaowen"]
[Result "1-0"]
[WhiteTitle "GM"]
[BlackTitle "WGM"]
[WhiteElo "2513"]
[BlackElo "2318"]
[WhiteTeam "Chongqing Team"]
[BlackTeam "Shenzhen Longgang Chess association"]
[WhiteFideId "8603642"]
[BlackFideId "8603219"]
[EventDate "2018.04.11"]

1. Nf3 d5 2. g3 Nf6 3. Bg2 c5 4. O-O Nc6 5. d4 e6 6. c4 dxc4 7. dxc5 Qxd1 8.
Rxd1 Bxc5 9. Nbd2 c3 10. bxc3 O-O 11. Nb3 Be7 12. Nfd4 Nxd4 13. cxd4 Nd5 14. Bd2
f5 15. Na5 b6 16. Nc6 Bf6 17. e3 Bb7 18. Nb4 Rac8 19. a4 Rf7 20. Nxd5 Bxd5 21.
Bxd5 exd5 22. a5 Bd8 23. Rdb1 Rd7 24. h3 Kf7 25. g4 fxg4 26. hxg4 Rc6 27. axb6
axb6 28. Kf1 h6 29. Ke2 Ke6 30. Kd3 Rf7 31. Ra8 Bh4 32. f4 Rd7 33. Rf8 Be7 34.
f5+ Kd6 35. Rf7 Bd8 36. Bb4+ Kc7 37. Rxd7+ Kxd7 38. Bf8 g6 39. Rb5 Ke8 40. Rxd5
gxf5 41. gxf5 h5 42. Bg7 h4 43. f6 Bxf6 44. Bxf6 Rxf6 45. Rh5 Kd7 46. Rxh4 b5
47. Rh8 Kc7 48. d5 b4 49. Kc4 Kd6 50. Rb8 Rf3 51. Kd4 Rf1 52. Rb6+ Kd7 53. Rxb4
Rh1 54. e4 Ke7 55. Rb7+ Kd8 56. e5 1-0

[Event "TCh-CHN 2018"]
[Site "China CHN"]
[Date "2018.04.11"]
[Round "1.3"]
[Board "1"]
[White "Li, Chao b"]
[Black "Ni, Hua"]
[Result "1/2-1/2"]
[WhiteTitle "GM"]
[BlackTitle "GM"]
[WhiteElo "2703"]
[BlackElo "2683"]
[WhiteTeam "Beijing Beiao team"]
[BlackTeam "China Mobil Shanghai Chess Club"]
[WhiteFideId "8604436"]
[BlackFideId "8601160"]
[EventDate "2018.04.11"]

1. Nf3 Nf6 2. c4 e6 3. Nc3 d5 4. d4 c5 5. cxd5 Nxd5 6. e4 Nxc3 7. bxc3 cxd4 8.
cxd4 Bb4+ 9. Bd2 Bxd2+ 10. Qxd2 O-O 11. Bc4 Nd7 12. O-O b6 13. a4 Bb7 14. Bd3
Rc8 15. a5 Qc7 16. Rfb1 h6 17. h3 Qd6 18. axb6 axb6 19. Qb2 Ra8 20. Rxa8 Rxa8
21. Nd2 Qa3 22. Bf1 Qxb2 23. Rxb2 Ra4 24. Bb5 Rxd4 25. Bxd7 Rxd7 26. Rxb6 Rxd2
27. Rxb7 Rd1+ 28. Kh2 Rd2 29. Kg1 Rd1+ 30. Kh2 Rd2 1/2-1/2

[Event "TCh-CHN 2018"]
[Site "China CHN"]
[Date "2018.04.11"]
[Round "1.3"]
[Board "2"]
[White "Yu, Yangyi"]
[Black "Xu, Yi"]
[Result "1-0"]
[WhiteTitle "GM"]
[BlackTitle "IM"]
[WhiteElo "2764"]
[BlackElo "2533"]
[WhiteTeam "Beijing Beiao team"]
[BlackTeam "China Mobil Shanghai Chess Club"]
[WhiteFideId "8603820"]
[BlackFideId "8605564"]
[EventDate "2018.04.11"]

1. e4 e5 2. Nf3 Nc6 3. Bb5 a6 4. Ba4 Nf6 5. O-O Be7 6. Re1 b5 7. Bb3 d6 8. a4
Bd7 9. c3 Na5 10. Bc2 c5 11. d4 Qb8 12. Bg5 h6 13. Bh4 Be6 14. Nbd2 O-O 15. h3
Rd8 16. Bg3 cxd4 17. cxd4 Nc4 18. b3 Nxd2 19. Qxd2 Nh7 20. axb5 Qxb5 21. Qe2
Qxe2 22. Rxe2 f6 23. Nh4 Kf7 24. Nf5 Bf8 25. d5 Bd7 26. f4 Bb5 27. Rf2 Rac8 28.
Kh2 Rc3 29. Re1 h5 30. Bd1 g6 31. Nh4 Kg7 32. Ra2 Rdc8 33. f5 g5 34. Ng6 h4 35.
Bf2 Kf7 36. Be3 Ke8 37. Bd2 R3c7 38. Be2 Rc2 39. Bxb5+ axb5 40. Rea1 Be7 41.
Rxc2 Rxc2 42. Ra8+ 1-0

[Event "TCh-CHN 2018"]
[Site "China CHN"]
[Date "2018.04.11"]
[Round "1.3"]
[Board "3"]
[White "Wang, Yiye"]
[Black "Harikrishna, Pentala"]
[Result "0-1"]
[WhiteTitle "IM"]
[BlackTitle "GM"]
[WhiteElo "2437"]
[BlackElo "2729"]
[WhiteTeam "Beijing Beiao team"]
[BlackTeam "China Mobil Shanghai Chess Club"]
[WhiteFideId "8606021"]
[BlackFideId "5007003"]
[EventDate "2018.04.11"]

1. c4 e5 2. Nc3 Nf6 3. Nf3 Nc6 4. e3 Bb4 5. Qc2 d6 6. Ne2 a5 7. Ng3 h6 8. a3 Bc5
9. b3 O-O 10. Bb2 Re8 11. d3 d5 12. cxd5 Qxd5 13. Ne4 Be7 14. Be2 Be6 15. Ned2
Nd7 16. O-O Bg4 17. h3 Bh5 18. d4 exd4 19. Bc4 Qd6 20. Ne4 Qg6 21. Nxd4 Nce5 22.
Be2 Bxe2 23. Nxe2 Nf3+ 24. Kh1 Ng5 25. f3 Nxe4 26. fxe4 Bd6 27. Rf5 Qe6 28. Raf1
Qxe4 29. Qxe4 Rxe4 30. Bxg7 Rxe3 31. Rxf7 Ne5 32. Bxe5 Bxe5 33. Nf4 Kxf7 34.
Nd5+ Ke6 35. Nxe3 Rd8 36. Nc4 Bc3 37. Rf3 Rd1+ 38. Kh2 Rc1 39. Re3+ Kd5 40. a4
Kc5 41. Ne5 Kd4 42. Nc4 Bb4 43. Re6 Rb1 44. Rxh6 Rxb3 45. Rh4+ Kc5 46. Ne5 Kd5
47. Nf3 Ra3 48. Rd4+ Kc5 49. Rd7 Rxa4 50. Rxc7+ Kb6 51. Rd7 Ra1 52. g4 a4 53.
Ne5 Bc3 54. Nc4+ Kb5 55. Rc7 Kb4 56. Kg2 b5 57. Ne3 Kb3 58. Nd5 Bd4 59. Kf3 a3
60. Rb7 Kc4 0-1

[Event "TCh-CHN 2018"]
[Site "China CHN"]
[Date "2018.04.11"]
[Round "1.3"]
[Board "4"]
[White "Harika, Dronavalli"]
[Black "Wang, Yu A."]
[Result "1/2-1/2"]
[WhiteTitle "GM"]
[BlackTitle "IM"]
[WhiteElo "2498"]
[BlackElo "2303"]
[WhiteTeam "China Mobil Shanghai Chess Club"]
[BlackTeam "Beijing Beiao team"]
[WhiteFideId "5015197"]
[BlackFideId "8601097"]
[EventDate "2018.04.11"]

1. Nf3 d5 2. e3 c5 3. b3 Nf6 4. Bb2 e6 5. d4 cxd4 6. exd4 Be7 7. Bd3 O-O 8. O-O
Nc6 9. a3 Ne4 10. c4 f5 11. b4 Bf6 12. Ne5 Qc7 13. Nxc6 bxc6 14. f3 Nd6 15. c5
Nc4 16. Bxc4 dxc4 17. Qe2 Qd7 18. Qxc4 Ba6 19. Qxa6 Bxd4+ 20. Kh1 Bxb2 21. Ra2
Bd4 22. Qc4 Qd5 23. Nd2 Bc3 24. Qxd5 exd5 25. Nb3 d4 26. Rc2 Rfe8 27. Kg1 Rad8
28. Kf2 Kf7 29. Rd1 Kf6 30. Na5 Rc8 31. Nc4 Re6 32. f4 g5 33. fxg5+ Kxg5 34. Nd2
Bxd2 35. Rcxd2 Re3 36. a4 Rb3 37. Rxd4 Rb8 38. b5 cxb5 39. axb5 R3xb5 40. Rc1
Rc8 41. c6 Rb6 42. c7 Rb7 43. Rd7 a5 44. Rc6 Rb2+ 45. Ke3 f4+ 46. Kd3 Rb7 47.
Rxh7 a4 48. Rg7+ Kf5 49. Rf7+ Ke5 50. Rc5+ Kd6 51. Ra5 Rbxc7 52. Rxc7 Rxc7 53.
Rxa4 Rh7 54. Ra6+ Ke5 55. Ra5+ Kf6 56. h3 Rg7 57. Ra2 Kf5 58. Rb2 Rg3+ 59. Kd4
f3 60. Rf2 Rxg2 61. Rxf3+ Kg5 62. Rf8 Rh2 63. Rh8 Kf4 64. h4 Kg4 65. h5 Rxh5 66.
Rxh5 Kxh5 67. Kd5 1/2-1/2

[Event "TCh-CHN 2018"]
[Site "China CHN"]
[Date "2018.04.11"]
[Round "1.3"]
[Board "5"]
[White "Ju, Wenjun"]
[Black "Wang, Jue"]
[Result "1-0"]
[WhiteTitle "GM"]
[BlackTitle "WGM"]
[WhiteElo "2568"]
[BlackElo "2367"]
[WhiteTeam "China Mobil Shanghai Chess Club"]
[BlackTeam "Beijing Beiao team"]
[WhiteFideId "8603006"]
[BlackFideId "8604070"]
[EventDate "2018.04.11"]

1. d4 d5 2. c4 e6 3. Nf3 Nf6 4. e3 a6 5. b3 c5 6. Nbd2 Nc6 7. Bb2 cxd4 8. exd4
Ne4 9. Bd3 Nxd2 10. Qxd2 Bb4 11. Bc3 Bxc3 12. Qxc3 dxc4 13. bxc4 Qa5 14. Qxa5
Nxa5 15. Ke2 Bd7 16. Rhc1 Rd8 17. Ke3 f6 18. Rc3 Rc8 19. c5 Ke7 20. Rb1 Rc7 21.
Nd2 Bc8 22. Ra3 Nc6 23. Nc4 g5 24. Nd6 h5 25. Be4 Bd7 26. g3 f5 27. Bf3 e5 28.
Bxc6 f4+ 29. Ke4 bxc6 30. dxe5 Rf8 31. Rb2 fxg3 32. hxg3 Be6 33. f4 gxf4 34.
gxf4 Bd5+ 35. Ke3 Ke6 36. Ne4 Rg7 37. Rxa6 Rg1 38. Nf6 h4 39. Rh2 Rh8 40. Nxd5
Kxd5 41. Ra7 Kxc5 42. Rd7 Rc1 43. f5 Rc4 44. e6 Rg8 45. e7 Rg3+ 46. Kd2 Re4 47.
Re2 1-0

[Event "TCh-CHN 2018"]
[Site "China CHN"]
[Date "2018.04.11"]
[Round "1.4"]
[Board "1"]
[White "Wan, Yunguo"]
[Black "Bu, Xiangzhi"]
[Result "0-1"]
[WhiteTitle "GM"]
[BlackTitle "GM"]
[WhiteElo "2529"]
[BlackElo "2726"]
[WhiteTeam "Hebei sports lottery chess team"]
[BlackTeam "Shandong Jingzhi Team"]
[WhiteFideId "8603189"]
[BlackFideId "8601445"]
[EventDate "2018.04.11"]

1. e4 c5 2. Nf3 Nc6 3. d4 cxd4 4. Nxd4 g6 5. c4 Bg7 6. Nc2 Nf6 7. Nc3 O-O 8. Be2
d6 9. O-O Nd7 10. Bd2 a5 11. b3 Nc5 12. f3 f5 13. exf5 Bxf5 14. Ne3 Bd7 15. Nc2
Nb4 16. Kh1 Ne6 17. Nxb4 axb4 18. Nd5 Bc6 19. f4 Bxd5 20. cxd5 Nd4 21. Bd3 Nf5
22. Qe2 Bxa1 23. Rxa1 Qb6 24. Re1 Qd4 25. Bc1 Rxa2 26. Qe6+ Kg7 27. Bxf5 Rxf5
28. Qxe7+ Rf7 29. Qxd6 Re2 30. Rg1 Qc3 31. h3 Re1 32. Rxe1 Qxe1+ 33. Kh2 Qxc1
34. Qe5+ Kf8 35. Qb8+ Ke7 36. d6+ Kd7 37. Qxb7+ Ke6 38. Qe4+ Kxd6 39. Qe5+ Kd7
40. Qd5+ Ke8 41. Qa8+ Ke7 42. Qa7+ Ke6 43. Qb6+ Kd7 0-1

[Event "TCh-CHN 2018"]
[Site "China CHN"]
[Date "2018.04.11"]
[Round "1.4"]
[Board "2"]
[White "Zhang, Ziji"]
[Black "Zhao, Jun"]
[Result "0-1"]
[BlackTitle "GM"]
[WhiteElo "2393"]
[BlackElo "2607"]
[WhiteTeam "Hebei sports lottery chess team"]
[BlackTeam "Shandong Jingzhi Team"]
[WhiteFideId "8609470"]
[BlackFideId "8602522"]
[EventDate "2018.04.11"]

1. d4 Nf6 2. c4 g6 3. Nf3 Bg7 4. g3 c5 5. Bg2 O-O 6. O-O d6 7. Nc3 Nc6 8. dxc5
dxc5 9. Be3 Qa5 10. Qa4 Qxa4 11. Nxa4 b6 12. Nc3 Bb7 13. Rad1 Ng4 14. Bd2 Rfd8
15. h3 Nf6 16. Ne5 Nxe5 17. Bxb7 Rab8 18. Bf4 Nh5 19. Ba6 Nxf4 20. gxf4 Nc6 21.
Bb5 Nd4 22. e3 Nf3+ 23. Kg2 Nd2 24. Rfe1 Bxc3 25. bxc3 Ne4 26. Rd7 Rxd7 27. Bxd7
Nxc3 28. a3 Rd8 29. Bc6 Rd2 30. Rc1 Nd1 31. Kf1 Nxf2 0-1

[Event "TCh-CHN 2018"]
[Site "China CHN"]
[Date "2018.04.11"]
[Round "1.4"]
[Board "3"]
[White "Peng, Hongchi"]
[Black "Wen, Yang"]
[Result "1/2-1/2"]
[BlackTitle "GM"]
[WhiteElo "2273"]
[BlackElo "2604"]
[WhiteTeam "Hebei sports lottery chess team"]
[BlackTeam "Shandong Jingzhi Team"]
[WhiteFideId "8609047"]
[BlackFideId "8602956"]
[EventDate "2018.04.11"]

1. e4 d6 2. g3 g6 3. Bg2 Bg7 4. Ne2 e5 5. O-O Ne7 6. c3 O-O 7. d4 Nd7 8. Na3 f5
9. Bg5 fxe4 10. Bxe4 Nf6 11. Bg2 h6 12. Bxf6 Bxf6 13. dxe5 Bxe5 14. Nd4 d5 15.
Re1 Bf6 16. Ne6 Bxe6 17. Rxe6 c6 18. Qd3 Kg7 19. Rae1 Rf7 20. Nc2 Nf5 21. Bh3
Nd6 22. Nd4 Kh7 23. Ne2 Ne4 24. Nf4 Rg7 25. R1xe4 dxe4 26. Qxe4 Qd1+ 27. Kg2 Rf8
28. Nxg6 Rxg6 29. Bf5 Qh5 30. g4 Kg7 31. h4 1/2-1/2

[Event "TCh-CHN 2018"]
[Site "China CHN"]
[Date "2018.04.11"]
[Round "1.4"]
[Board "4"]
[White "Huang, Qian"]
[Black "Zhai, Mo"]
[Result "1-0"]
[WhiteTitle "WGM"]
[BlackTitle "WGM"]
[WhiteElo "2444"]
[BlackElo "2352"]
[WhiteTeam "Shandong Jingzhi Team"]
[BlackTeam "Hebei sports lottery chess team"]
[WhiteFideId "8602689"]
[BlackFideId "8600201"]
[EventDate "2018.04.11"]

1. d4 Nf6 2. c4 e6 3. Nf3 d5 4. g3 dxc4 5. Bg2 c5 6. O-O Bd7 7. Na3 c3 8. bxc3
cxd4 9. Nxd4 Nc6 10. Ndb5 a6 11. Nd6+ Bxd6 12. Qxd6 Qe7 13. Nc4 Nd5 14. Ba3 Qxd6
15. Nxd6+ Ke7 16. Nxb7+ Kf6 17. Nc5 Be8 18. Rfd1 Nb6 19. Ne4+ Kg6 20. Nd6 Bd7
21. c4 Rab8 22. h4 Ne5 23. h5+ Kxh5 24. c5 Nbc4 25. Nxc4 Nxc4 26. Rxd7 Nxa3 27.
Rxf7 Rb5 28. Rxg7 Rxc5 29. Rd1 Nb5 30. Rdd7 Nc3 31. Bf3+ Kh6 32. Rge7 Re5 33.
Rd6 Nxe2+ 34. Bxe2 Rxe2 35. Rdxe6+ Rxe6 36. Rxe6+ Kg5 37. Rxa6 1-0

[Event "TCh-CHN 2018"]
[Site "China CHN"]
[Date "2018.04.11"]
[Round "1.4"]
[Board "5"]
[White "Ning, Kaiyu"]
[Black "Yang, Yijing"]
[Result "1-0"]
[BlackTitle "WCM"]
[WhiteElo "2217"]
[BlackElo "2035"]
[WhiteTeam "Shandong Jingzhi Team"]
[BlackTeam "Hebei sports lottery chess team"]
[WhiteFideId "8614750"]
[BlackFideId "8608601"]
[EventDate "2018.04.11"]

1. d4 Nf6 2. Nf3 d5 3. c4 e6 4. Nc3 c5 5. cxd5 Nxd5 6. e4 Nxc3 7. bxc3 cxd4 8.
cxd4 Bb4+ 9. Bd2 Bxd2+ 10. Qxd2 O-O 11. Rc1 b6 12. Bd3 Bb7 13. O-O Nd7 14. Qe3
Rc8 15. e5 Bxf3 16. Qxf3 Nb8 17. Rxc8 Qxc8 18. d5 exd5 19. Qxd5 Qc6 20. Qd4 Re8
21. Rd1 g6 22. Bc4 b5 23. Bb3 Qc7 24. f4 Re7 25. e6 fxe6 26. Qf6 Qb6+ 27. Kh1
Re8 28. Rd8 Rxd8 29. Bxe6+ Qxe6 30. Qxe6+ Kf8 31. Qf6+ Ke8 32. Qh8+ Kd7 33.
Qxh7+ Kc8 34. h4 a5 35. Qxg6 1-0

[Event "TCh-CHN 2018"]
[Site "China CHN"]
[Date "2018.04.11"]
[Round "1.5"]
[Board "1"]
[White "Wang, Yue"]
[Black "Li, Di"]
[Result "1-0"]
[WhiteTitle "GM"]
[BlackTitle "IM"]
[WhiteElo "2683"]
[BlackElo "2487"]
[WhiteTeam "Tianjin Team"]
[BlackTeam "Chengdu Beilei Youth Chess Club"]
[WhiteFideId "8601429"]
[BlackFideId "8607508"]
[EventDate "2018.04.11"]

1. e4 e5 2. Nf3 d6 3. d4 exd4 4. Nxd4 Nf6 5. Nc3 Be7 6. g3 O-O 7. Bg2 Re8 8. O-O
Bf8 9. b3 Nbd7 10. Re1 c6 11. Bb2 Qb6 12. Na4 Qc7 13. c4 g6 14. Qd2 Bg7 15. Rad1
Nb6 16. Nc3 Bg4 17. f3 Bd7 18. Nde2 d5 19. cxd5 cxd5 20. Nxd5 Nbxd5 21. exd5
Rad8 22. Nf4 Rxe1+ 23. Rxe1 Qd6 24. Be5 Qb6+ 25. Bd4 Qd6 26. Qb2 Re8 27. Rc1 g5
28. Nd3 Bb5 29. Nf2 h6 30. a4 Bd7 31. Rd1 Bf5 32. Bf1 Rc8 33. Be5 Qb6 34. Bc4
Re8 35. d6 Ng4 36. Bxg7 Nxf2 37. Qxf2 Qxf2+ 38. Kxf2 Kxg7 39. Rd5 Be6 40. Rb5 b6
41. a5 bxa5 42. Rxa5 Kf6 43. Rxa7 Rc8 44. d7 Rb8 45. Rb7 Ra8 46. Ke3 Ke7 47.
Bxe6 fxe6 48. h4 gxh4 49. gxh4 Ra1 50. Kf4 Rh1 51. Kg4 Kd8 52. f4 Rf1 53. b4
Rg1+ 54. Kh5 Rf1 55. Kxh6 Rxf4 56. Kg5 Rf5+ 57. Kg6 Rf1 58. h5 Ke7 59. d8=Q+
Kxd8 60. h6 1-0